000 00655nam a2200205Ia 4500
008 241004s9999 xx 000 0 und d
020 _a9781847012746
037 _aTextbook
040 _aARTS
_beng
_cARTS
041 _aeng
_2eng
084 _aV2:196(X) R1
_qARTS
100 _aKing Kenneth Ed.; Venkatachalam Meera Ed.
_9724658
245 _aIndia's development diplomacy and soft power in Africa
_cKing Kenneth Ed.; Venkatachalam Meera Ed.
260 _aUK
_bWoodbridge James Currey
_c2020
300 _axxii,219p.
365 _aUSD
_b36.95
650 _aHistory-India
942 _cTB
_hV2:196(X) R1
999 _c1218805
_d1218805